000
00316nam a2200121Ia 4500
005
20251222144623.0
008
251222s9999||||xx |||||||||||||| ||spa||
082
_a
739.23/M84
245
0
_a
La Orfebreria Hispanoamericana en Andalucía Occidental
250
_a
1ra.ed.
264
_b
Fundación el Monte
942
_c
LIB
999
_c
16018
_d
16018